<?xml version="1.0" encoding="UTF-8"?>
<record
    xmlns:xsi="http://www.w3.org/2001/XMLSchema-instance"
    xsi:schemaLocation="http://www.loc.gov/MARC21/slim http://www.loc.gov/standards/marcxml/schema/MARC21slim.xsd"
    xmlns="http://www.loc.gov/MARC21/slim">

  <leader>01119nam a22003257a 4500</leader>
  <controlfield tag="001">376428</controlfield>
  <controlfield tag="003">DO-SdBNP</controlfield>
  <controlfield tag="005">20230830120704.0</controlfield>
  <controlfield tag="007">376428</controlfield>
  <controlfield tag="008">991216s1999    sp |   ||spa  </controlfield>
  <datafield tag="020" ind1=" " ind2=" ">
    <subfield code="a">8437617529</subfield>
  </datafield>
  <datafield tag="040" ind1=" " ind2=" ">
    <subfield code="a">BPMSU</subfield>
    <subfield code="b">spa</subfield>
    <subfield code="c">BPMSU</subfield>
  </datafield>
  <datafield tag="082" ind1=" " ind2="4">
    <subfield code="a">843.8 </subfield>
    <subfield code="b">F587t 1999</subfield>
    <subfield code="2">22</subfield>
  </datafield>
  <datafield tag="100" ind1="1" ind2=" ">
    <subfield code="a">Flaubert, Gustave, </subfield>
    <subfield code="d">1821-1880.</subfield>
  </datafield>
  <datafield tag="240" ind1="1" ind2="0">
    <subfield code="l"> </subfield>
  </datafield>
  <datafield tag="245" ind1="1" ind2="0">
    <subfield code="a">Tres cuentos : </subfield>
    <subfield code="b">Un coraz&#xF3;n sencillo ; La leyenda de San Juli&#xE1;n el Hospitalario ; Herod&#xED;as /</subfield>
    <subfield code="c">Gustave Flaubert ; edici&#xF3;n de Germ&#xE1;n Palacios ; traducci&#xF3;n de Germ&#xE1;n Palacios</subfield>
  </datafield>
  <datafield tag="260" ind1=" " ind2=" ">
    <subfield code="a">Madrid : </subfield>
    <subfield code="b">C&#xE1;tedra</subfield>
    <subfield code="c">1999</subfield>
  </datafield>
  <datafield tag="300" ind1=" " ind2=" ">
    <subfield code="a">121 p. ; </subfield>
    <subfield code="c">20 cm</subfield>
  </datafield>
  <datafield tag="490" ind1="0" ind2=" ">
    <subfield code="a">Letras universales,</subfield>
    <subfield code="v">284</subfield>
  </datafield>
  <datafield tag="504" ind1=" " ind2=" ">
    <subfield code="a">Bibliograf&#xED;a: p. 21-22</subfield>
  </datafield>
  <datafield tag="505" ind1="1" ind2=" ">
    <subfield code="a">Un coraz&#xF3;n sencillo --</subfield>
    <subfield code="t">La leyenda de San Juli&#xE1;n el Hospitalario --</subfield>
    <subfield code="t">Herod&#xED;as.</subfield>
  </datafield>
  <datafield tag="534" ind1=" " ind2=" ">
    <subfield code="a">T&#xED;tulo original : </subfield>
    <subfield code="t">Trois contes</subfield>
  </datafield>
  <datafield tag="590" ind1=" " ind2=" ">
    <subfield code="6">Inventariado, 2023/VM</subfield>
  </datafield>
  <datafield tag="650" ind1=" " ind2="4">
    <subfield code="a">Cuentos franceses </subfield>
  </datafield>
  <datafield tag="650" ind1=" " ind2="4">
    <subfield code="a">Hospitales </subfield>
    <subfield code="v">Cuentos</subfield>
  </datafield>
  <datafield tag="650" ind1=" " ind2="4">
    <subfield code="a">H&#xE9;roes</subfield>
    <subfield code="v">Cuentos</subfield>
  </datafield>
  <datafield tag="700" ind1="1" ind2=" ">
    <subfield code="a">Palacios, Germ&#xE1;n,</subfield>
    <subfield code="d">1918-2009</subfield>
    <subfield code="e">ed.</subfield>
  </datafield>
  <datafield tag="910" ind1=" " ind2=" ">
    <subfield code="a">VMateo V. Control de calidad. BPMSU </subfield>
  </datafield>
  <datafield tag="942" ind1=" " ind2=" ">
    <subfield code="2">ddc</subfield>
    <subfield code="c">BK</subfield>
  </datafield>
  <datafield tag="952" ind1=" " ind2=" ">
    <subfield code="0">0</subfield>
    <subfield code="1">0</subfield>
    <subfield code="2">ddc</subfield>
    <subfield code="4">0</subfield>
    <subfield code="7">0</subfield>
    <subfield code="8">CG</subfield>
    <subfield code="a">BPMET</subfield>
    <subfield code="b">BPMET</subfield>
    <subfield code="d">2015-11-10</subfield>
    <subfield code="e">Fundaci&#xF3;n Educativa y Cultural</subfield>
    <subfield code="l">0</subfield>
    <subfield code="o">BPMSU CG 843.8  F587t 1999</subfield>
    <subfield code="p">BPMSU15110161</subfield>
    <subfield code="r">2015-11-10</subfield>
    <subfield code="w">2015-11-10</subfield>
    <subfield code="y">BK</subfield>
  </datafield>
  <datafield tag="952" ind1=" " ind2=" ">
    <subfield code="0">0</subfield>
    <subfield code="1">0</subfield>
    <subfield code="2">ddc</subfield>
    <subfield code="4">0</subfield>
    <subfield code="7">0</subfield>
    <subfield code="8">CG</subfield>
    <subfield code="a">BPMET</subfield>
    <subfield code="b">BPMET</subfield>
    <subfield code="d">2015-11-10</subfield>
    <subfield code="e">Fundaci&#xF3;n Educativa y Cultural</subfield>
    <subfield code="l">0</subfield>
    <subfield code="o">BPMSU CG 843.8  F587t 1999</subfield>
    <subfield code="p">BPMSU15110162</subfield>
    <subfield code="r">2015-11-10</subfield>
    <subfield code="t">e.2</subfield>
    <subfield code="w">2015-11-10</subfield>
    <subfield code="y">BK</subfield>
  </datafield>
  <datafield tag="999" ind1=" " ind2=" ">
    <subfield code="c">8621</subfield>
    <subfield code="d">8621</subfield>
  </datafield>
</record>
